000 01450cam a22004097a 4500
003 CHAP
005 20220817042228.0
008 971013s1986 r 00010 d
010 _a38164
011 _a39136
035 _a43256
040 _cCHAP
090 _aFolleto 10598
100 0 0 _aPatrón Guerra, Fernando.
_986226
245 0 _aSistematización de proyectos y programación de la inversión en el medio rural
260 _aMéxico, D.F. :
_bFIRA,
_c1986
300 _a43 p.
410 _aFIRA
490 0 _aBoletin informativo
_v; XVIII (175)
590 _aBATCH-UPD
_b10
_c20130109
_lUCH01
_h2351
590 _aBATCH-UPD
_b10
_c20130110
_lUCH01
_h1315
590 _aBATCH-UPD
_b10
_c20130409
_lUCH01
_h1922
590 _aBATCH-UPD
_b10
_c20130410
_lUCH01
_h0827
590 _aBATCH-UPD
_b10
_c20130914
_lUCH01
_h0649
590 _aBATCH-UPD
_b10
_c20130914
_lUCH01
_h2133
590 _aCONVERSION
_b10
_c20130109
_lUCH01
_h1321
650 1 4 _aAgricultura
_xAspectos económicos.
650 1 4 _aEmpresas agropecuarias.
_936649
650 1 4 _aPolítica agrícola.
_990283
710 0 _aFideicomisos Instituídos en Relación con la Agricultura. México.
_940733
710 0 _aFondo de Garantía y Fomento para la Agricultura, Ganadería y Avicultura. México.
_942107
810 _aFIRA
_941029
830 0 _aBoletin informativo
_v; XVIII (175)
901 _aBK
942 _cFOLL
949 _aFolleto 10598
_bBC
_cFOLL
_d-99236
_eTS1
_i43256
_si
999 _c38164
_d38164